Cây thuốc và động vật làm thuốc ở Việt Nam Tập III
Bộ sách chứa đựng một khối lượng lớn dữ liệu khoa học toàn diện về dược liệu, đặc biệt là cây thuốc. Phân loại, liệt kê tên các loài cây và động vật thuốc bộ sách còn giới thiệu một cách có chọn lọc những kinh nghiệm chữa bẹ...
Enregistré dans:
| Collectivités auteurs: | , , |
|---|---|
| Autres auteurs: | |
| Format: | Livre |
| Langue: | Vietnamese |
| Publié: |
H.
Khoa học và Kỹ thuật
[201?]
|
| Sujets: | |
| Tags: |
Ajouter un tag
Pas de tags, Soyez le premier à ajouter un tag!
|
| Thư viện lưu trữ: | Thư viện Trường Đại học Nam Cần Thơ |
|---|
| LEADER | 01497nam a22002417a 4500 | ||
|---|---|---|---|
| 001 | NCT_63143 | ||
| 008 | 190411b xxu||||| |||| 00| 0 vie d | ||
| 999 | |c 3055 |d 3055 | ||
| 020 | |c 600000 | ||
| 082 | 0 | 4 | |2 23rd ed. |a 615 |b C127T/T.3 |
| 245 | 0 | 0 | |a Cây thuốc và động vật làm thuốc ở Việt Nam |n Tập III |c Đỗ Huy Bích, ...[et al.] |
| 260 | |a H. |b Khoa học và Kỹ thuật |c [201?] | ||
| 300 | |a 1019 tr |b Hình vẽ |c 30cm | ||
| 520 | 3 | |a Bộ sách chứa đựng một khối lượng lớn dữ liệu khoa học toàn diện về dược liệu, đặc biệt là cây thuốc. Phân loại, liệt kê tên các loài cây và động vật thuốc bộ sách còn giới thiệu một cách có chọn lọc những kinh nghiệm chữa bệnh bằng cây thuốc của các nền y học | |
| 653 | |a Dược học | ||
| 700 | 1 | |a Đỗ Huy Bích | |
| 710 | |a Đặng Quang Chung | ||
| 710 | |a Bùi Xuân Chương | ||
| 710 | |a Nguyễn Thượng Dong | ||
| 942 | |2 ddc |c BK | ||
| 952 | |0 0 |1 0 |2 ddc |4 0 |6 615_000000000000000_C127T_T_3 |7 0 |9 16559 |a 000001 |b 000001 |d 2019-04-11 |o 615 C127T/T.3 |p MD.15197 |r 2019-04-11 |v 600000.00 |w 2019-04-11 |y BK | ||
| 952 | |0 0 |1 0 |2 ddc |4 0 |6 615_000000000000000_C127T_T_3 |7 0 |9 16560 |a 000001 |b 000001 |d 2019-04-11 |o 615 C127T/T.3 |p MD.15198 |r 2019-04-11 |v 600000.00 |w 2019-04-11 |y BK | ||
| 980 | |a Thư viện Trường Đại học Nam Cần Thơ | ||